Teorie sdelovacich siti /

Bibliographic Details
Main Author: Kroutl, František, 1905-
Format: Book
Language:Czech
Published: Praha : Nadas, t. ST 4, 1969.
Edition:1. vyd.
Subjects:

MARC

Tag First Indicator Second Indicator Subfields
LEADER 00000cam a2200000 4500
001 in00000097906
005 20150925115231.0
008 800402s1969 cs a b 00000 cze
010 |a  77531442  
015 |a Cz69-3270 
035 |a (OCoLC)06159691 
035 |9 AAL3101AM 
040 |a DLC  |c TXA  |d UtOrBLW 
041 0 |a cze  |b eng 
049 |a TXAM  |c [1335003] 
050 0 |a TK5101  |b .K69 
100 1 |a Kroutl, František,  |d 1905- 
245 1 0 |a Teorie sdelovacich siti /  |c Ucebnice pro vys. skoly. 
250 |a 1. vyd. 
264 1 |a Praha :  |b Nadas, t. ST 4,  |c 1969. 
300 |a 210 pages, 1 unnumbered page :  |b illustrations ;  |c 24 cm. 
336 |a text  |b txt  |2 rdacontent 
337 |a unmediated  |b n  |2 rdamedia 
338 |a volume  |b nc  |2 rdacarrier 
500 |a Summary in English. 
504 |a Bibliography: page 209. 
650 0 |a Telecommunication. 
999 |a MARS 
999 f f |s 7a748e70-bcdd-3977-abe6-47deee5fcaf7  |i d21ed64f-2116-3ed4-8d41-182effd3c432  |t 0 
952 f f |p ric  |a Texas A&M University  |b Rellis Campus  |c Joint Library Facility  |d Remote Storage  |t 0  |e TK5101 .K69  |h Library of Congress classification  |i unmediated -- volume  |m A14805479421 
998 f f |a TK5101 .K69  |t 0  |l Remote Storage